Príprava Slovenska na vstup do eurozóny
Strategické materiály pripravujúce Slovensko na zavedenie eura. Klasifikácia základných zásad pri zavádzaní eura. Inštitucionálne zabezpečenie zavedenia eura. Úlohy jednotlivých sektorov pri zavádzaní eura. Súhrn najdôležitejších aktivít spojených so zavádzaním eura od schválenia Národného plánu do...
Salvato in:
| Autore principale: | |
|---|---|
| Natura: | Capitolo di libro |
| Lingua: | slovacco |
| Soggetti: | |
| Tags: |
Nessun Tag, puoi essere il primo ad aggiungerne!!
|
MARC
| LEADER | 00000naa$a2200000$$$4500 | ||
|---|---|---|---|
| 001 | 0049153 | ||
| 005 | 20231106075059.3 | ||
| 041 | 0 | |a slo | |
| 044 | |a SK | ||
| 245 | 1 | 0 | |a Príprava Slovenska na vstup do eurozóny |c Emília Zimková |
| 520 | |a Strategické materiály pripravujúce Slovensko na zavedenie eura. Klasifikácia základných zásad pri zavádzaní eura. Inštitucionálne zabezpečenie zavedenia eura. Úlohy jednotlivých sektorov pri zavádzaní eura. Súhrn najdôležitejších aktivít spojených so zavádzaním eura od schválenia Národného plánu do súčasnosti. | ||
| 610 | 2 | 0 | |a spolupráca hospodárska medzinárodná |
| 610 | 2 | 0 | |a únie menové |
| 610 | 2 | 0 | |a Európska únia |
| 610 | 2 | 0 | |a stratégia menová |
| 610 | 2 | 0 | |a koordinácia |
| 610 | 2 | 0 | |a Slovensko |
| 610 | 2 | 0 | |a euro |
| 610 | 2 | 0 | |a eurozóna |
| 100 | 1 | |a Zimková, Emília | |